000 00764nam a2200265 i 4500
003 DO-SdBNP
005 20240628104926.0
007 ta
008 240628b2024 dr ||||| |||| 00| 0 spa d
020 _a9789945223552
040 _aDO-SdBNP
_bspa
_cBNPHU
_erda
082 4 _222
100 1 _aDunker L., José,
_d1943-
_eautor
_91027
245 1 0 _aBiblia y salud mental /
_cJosé Dunker L.
264 _aSanto Domingo :
_bBúho,
_c2013.
300 _a172 páginas ;
_c23 cm.
336 _2rdacontent
_atexto
_btxt
337 _2rdamedia
_asin mediación
_bn
338 _2rdacarrier
_avolumen
_bnc
500 _aIncluye datos biográficos del autor en las solapas
590 _aInventariado, 2024/BT
700 _919121
910 _abtavárez
942 _2ddc
_cLBS1
999 _c57062
_d57062